[Event "Figueres op 8th"]
[Site "Figueres"]
[Date "2018.12.27"]
[Round "2.1"]
[White "Alvarez Martinez, Robert Carlos"]
[Black "Colls Gelaberto, Emilio"]
[Result "0-1"]
[WhiteElo "1837"]
[BlackElo "2086"]
[PlyCount "100"]
[EventDate "2018.12.27"]
[EventType "swiss"]
[EventRounds "8"]
[EventCountry "ESP"]
[SourceTitle "EXT 2024"]
[Source "ChessBase"]
[SourceDate "2023.10.10"]
[SourceVersion "1"]
[SourceVersionDate "2023.10.10"]
[SourceQuality "1"]

1. e4 c6 2. d4 d5 3. Nc3 dxe4 4. Nxe4 Nd7 5. Nf3 Ngf6 6. Nxf6+ Nxf6 7. h3 Bf5 8. Bd3 e6 9. 0-0 Bxd3 10. Qxd3 Be7 11. Bg5 0-0 12. Rfe1 Qd6 13. Ne5 Rad8 14. c3 c5 15. Nc4 Qa6 16. b3 cxd4 17. cxd4 Rd5 18. Be3 Rfd8 19. Red1 Nd7 20. Nb2 Nc5 21. Qc2 Nd7 22. Qd3 Qxd3 23. Rxd3 Nb8 24. Na4 Nc6 25. Nc3 R5d7 26. Rad1 Nb4 27. R3d2 a6 28. Kf1 f5 29. g4 g6 30. g5 Nd5 31. Nxd5 Rxd5 32. f4 Rc8 33. Ke2 Bb4 34. Rb2 Rd7 35. a4 Kf7 36. Kd3 Rc3+ 37. Ke2 Rdc7 38. Rd3 Rxd3 39. Kxd3 Rc3+ 40. Ke2 Ba3 41. Rb1 Rc2+ 42. Kf3 Ke7 43. Bg1 Kd6 44. Ke3 Rc3+ 45. Ke2 Rxh3 46. Be3 Kd5 47. Kd3 Bd6 48. Rf1 Bc7 49. b4 Bb6 50. Kd2 Bxd4 0-1

[Event "Girona-ch"]
[Site "Banyoles"]
[Date "2016.11.20"]
[Round "8"]
[White "Palmero Castillo, Marcelino"]
[Black "Alvarez Martinez, Robert Carlos"]
[Result "1-0"]
[WhiteElo "1656"]
[BlackElo "1933"]
[PlyCount "153"]
[EventDate "2016.10.02"]
[EventType "swiss"]
[EventRounds "9"]
[EventCountry "ESP"]
[SourceTitle "EXT 2018"]
[Source "ChessBase"]
[SourceDate "2017.10.13"]
[SourceVersion "1"]
[SourceVersionDate "2017.10.13"]
[SourceQuality "1"]

1. Nf3 Nf6 2. Nc3 d5 3. d4 Bg4 4. Bg5 Ne4 5. Nxe4 dxe4 6. Ne5 Be6 7. e3 f6 8. Bf4 fxe5 9. Qh5+ Bf7 10. Qxe5 Qd6 11. Qb5+ Qc6 12. Bxc7 Qxb5 13. Bxb5+ Nd7 14. Bg3 a6 15. Be2 Rc8 16. Kd2 b5 17. Bg4 Rc6 18. Rhc1 Nb6 19. b3 g6 20. Be5 Rg8 21. Be2 Kd8 22. c3 Bg7 23. Bg3 h5 24. Rc2 Re8 25. Rac1 e5 26. h3 exd4 27. cxd4 Rxc2+ 28. Rxc2 Re6 29. Rc7 Ke8 30. Ra7 Nd5 31. a4 bxa4 32. bxa4 Nb4 33. Bc4 Re7 34. Ra8+ Kd7 35. Bxa6 Nxa6 36. Rxa6 Kc8 37. Kc3 Rb7 38. a5 Rb3+ 39. Kc2 Rb5 40. Ra7 Rb7 41. Ra8+ Kd7 42. a6 Rb6 43. Bh4 Bd5 44. Ra7+ Kc6 45. Rxg7 Rxa6 46. Rxg6+ Kb5 47. Rxa6 Kxa6 48. g4 hxg4 49. hxg4 Kb5 50. Kd2 Be6 51. g5 Kc4 52. Ke2 Bg4+ 53. Kf1 Bh5 54. Kg2 Kd5 55. Kg3 Bg6 56. Kf4 Ke6 57. f3 exf3 58. Kxf3 Kd5 59. Kf4 Bh7 60. Kf3 Bg6 61. Bg3 Bh5+ 62. Kf2 Ke4 63. Bf4 Bg6 64. Ke2 Be8 65. Kd2 Bg6 66. Kc3 Kd5 67. Kb4 Bf5 68. Kb5 Be4 69. Kb6 Bf5 70. Kc7 Ke6 71. Kc6 Be4+ 72. Kc5 Bf3 73. Be5 Be4 74. Bh8 Kf5 75. d5 Kxg5 76. d6 Kg6 77. d7 1-0

[Event "Girona-ch"]
[Site "Banyoles"]
[Date "2016.11.13"]
[Round "7"]
[White "Alvarez Martinez, Robert Carlos"]
[Black "Castrillon Otero, Javier"]
[Result "0-1"]
[WhiteElo "1933"]
[BlackElo "2012"]
[PlyCount "74"]
[EventDate "2016.10.02"]
[EventType "swiss"]
[EventRounds "9"]
[EventCountry "ESP"]
[SourceTitle "EXT 2018"]
[Source "ChessBase"]
[SourceDate "2017.10.13"]
[SourceVersion "1"]
[SourceVersionDate "2017.10.13"]
[SourceQuality "1"]

1. e4 c5 2. Nf3 d6 3. c3 Nf6 4. h3 Nc6 5. Bd3 e6 6. Bc2 Qc7 7. d4 cxd4 8. cxd4 Be7 9. 0-0 0-0 10. Nc3 a6 11. Be3 b5 12. Rc1 Bb7 13. Bb1 Qd7 14. a3 Na5 15. Nd2 Rac8 16. b3 Rc7 17. d5 Rfc8 18. Bb6 Rxc3 19. Rxc3 Rxc3 20. Bxa5 Rc8 21. Nf3 exd5 22. exd5 Bxd5 23. Nd4 Be6 24. Qd3 d5 25. a4 bxa4 26. Qxa6 axb3 27. Nxb3 d4 28. Qd3 Bc4 29. Qd1 Bxf1 30. Kxf1 Qa4 31. Be1 Nd5 32. Qd3 g6 33. Nxd4 Nf4 34. Qe4 Qc4+ 35. Kg1 Qxd4 36. Qxe7 Rc1 37. Ba2 Ne6 0-1